000 00408cam a2200169ua 4500
020 _a0 8247 8990 3
041 _aeng
_h
082 _a632.96
_bKIM/AD
100 _aKim, Leo .
245 _aAdvanced engineered pesticides /
_cLeo Kim.
_hTextual Documents
250 _a1 /
_b.
260 _aNewyork :
_bMarcel dekker ,
_c1993.
300 _a430 ; .
504 _a
942 _cBK
999 _c2967
_d2967